Harry Potter spells A-Z - Statistics

General Stats
  • This quiz has been taken 41 times
  • The average score is 10 of 20
Answer Stats
Hint Answer % Correct
A Alohomora, Accio, Avada Kedavra,Aguamenti, Ascendio, Avis
100%
C Confundo, Crucio, Colloportus,Confringo
84%
E Expelliarmus, Expecto Patronum,Engorgio, Episkey, Evanesco, Enervate
81%
S Sectumsempra, Stupefy, Serpensortia,Scourgify, Sonorus
75%
D Densaugeo, Diffindo, Duro, Defodio
72%
L Lumos, Locomotor, Langlocks, Legilimens, Levicorpus, Liberacorpus
69%
W Wingardium Leviosa, Waddiwasi
66%
B Bombarda, Brackium Emendo
59%
I Imperio, Impedimenta, Incendio
59%
R Revelio, Reparo, Reducio, Reducto,Relashio, Rictusempra, Riddikulus
59%
N Nox
53%
O Obliviate, Occulus Reparo,Oppugno
50%
P Portus, Petrificus Totalus, Protego,Piertotum Locomotor, Priori Incantatum
47%
F Furnunculus, Fianto Duri,Finite Incantatem, Flagrate, Fidelius
28%
G Geminio, Glisseo
22%
H Homenum Revelio
22%
T Tergeo, Tarantallegra
19%
V Vipera Evanesca, Vera Verto
19%
M Morsmordre, Muffliato
16%
J Jelly-Legs
9%
No matching quizzes found
Score Distribution
Percent of People with Each Score
Percentile by Number Answered
Your Score History
You have not taken this quiz